Statistiques concernant Focus sur: le Liechtenstein

Cliquez ici pour prendre le quiz!

Statistiques générales

  • Ce quiz a été pris 74 fois
  • Le résultat moyen est 10 sur 17

Statistiques - réponses

Informations recherchéesRéponses% Correct
Frontière EstAutriche
99%
Frontière OuestSuisse
97%
CapitaleVaduz
96%
Couleur du drapeau (haut)Bleu
90%
Couleur du drapeau (bas)Rouge
90%
Langue officielleAllemand
87%
MonnaieFranc Suisse
66%
Nom des habitants du paysLiechtensteinois
64%
Superficie (arrondi à la centaine de kilomètres carrés près)160 kilomètres carrés
61%
Nombre d'habitants de la capitale (arrondi à la dizaine de mille près)5 429 habitants
60%
Nombre d'habitants (arrondi à la dizaine de mille près)37 666 habitants
52%
Nom completPrincipauté de Liechtenstein
52%
Nom des habitants de la capitaleVaduzain
30%
Régime politiquePrincipauté constitutionnelle parlementaire unitaire
9%
Indicateur téléphonique+423
7%
Devise nationaleFür Gott, Fürst und Vaterland
6%
Hymne nationalOben am jungen Rhein
6%

Distribution des résultats

Percentile par nombre de réponses

% des personnes avec chaque résultat

Votre développement - résultats

Vous n’avez pas pris ce quiz